书目信息 |
| 题名: |
黎东方讲史
|
|
| 作者: | 黎东方 著 | |
| 分册: | 细说民国创立 | |
| 出版信息: | 上海 上海人民出版社 2007.04 |
|
| 页数: | 290页 | |
| 开本: | 23cm | |
| 丛书名: | ||
| 单 册: | ||
| 中图分类: | K209-49 | |
| 科图分类: | ||
| 主题词: | ||
| 电子资源: | ||
| ISBN: | 978-7-208-06766-0 | |
| 000 | 00974nam0 2200241 450 | |
| 001 | 012007811337 | |
| 005 | 20070930101147.89 | |
| 010 | @a978-7-208-06766-0@dCNY25.00 | |
| 100 | @a20070808d2007 km y0chiy0120 ea | |
| 101 | 0 | @achi |
| 102 | @aCN@b310000 | |
| 105 | @aac z 000yy | |
| 200 | 1 | @a黎东方讲史@Ali dong fang jiang shi@i细说民国创立@f黎东方著@Fli dong fang zhu |
| 210 | @a上海@c上海人民出版社@d2007.04 | |
| 215 | @a290页@c图, 肖像@d23cm | |
| 330 | @a本书以通俗生动的文笔叙述严肃的历史故事。作者以“讲史”的形式,通俗而生动地讲述了孙中山领导的七次起义、“苏报案”、保路风潮、武昌起义等历史事件,以及孙中山、黄兴、陈天华、秋瑾等历史人物。全书既有生动的故事和真实的历史,又有颇具见识的评点。 | |
| 517 | 1 | @a细说民国创立@Axi shuo min guo chuang li |
| 607 | @a中国@Azhong guo@x历史@j通俗读物 | |
| 607 | @a中国@Azhong guo@x古代史@z民国@j通俗读物 | |
| 690 | @aK209-49@v4 | |
| 701 | 0 | @a黎东方@Ali dong fang@4著 |
| 801 | 0 | @aCN@c20070930 |
| 905 | @dK209-49@eL105 | |
| 黎东方讲史.细说民国创立/黎东方著.-上海:上海人民出版社,2007.04 |
| 290页:图, 肖像;23cm |
| ISBN 978-7-208-06766-0:CNY25.00 |
| 本书以通俗生动的文笔叙述严肃的历史故事。作者以“讲史”的形式,通俗而生动地讲述了孙中山领导的七次起义、“苏报案”、保路风潮、武昌起义等历史事件,以及孙中山、黄兴、陈天华、秋瑾等历史人物。全书既有生动的故事和真实的历史,又有颇具见识的评点。 |
| ● |
| 相关链接 |
|
|
|
正题名:黎东方讲史
索取号:K209-49/L105
 
预约/预借
| 序号 | 登录号 | 条形码 | 馆藏地/架位号 | 状态 | 备注 |
| 1 | 255466 | 202554663 | 社科库309/309社科库 32排2列6层/ [索取号:K209-49/L105] | 在馆 | |
| 2 | 255467 | 202554672 | 社科库309/422社科库 43排3列3层/ [索取号:K209-49/L105] | 在馆 | |
| 3 | 255468 | 202554681 | 社科库309/309社科库 31排4列5层/ [索取号:K209-49/L105] | 在馆 |